000 00478nam a2200181Ia 4500
005 20250326125219.0
008 250326s9999 xx 000 0 und d
037 _aTextbook
040 _aFMSL
_beng
_cFMSL
041 _aeng
_2eng
084 _aX512 K7
_qFMSL
100 _aSutton B H
_9283449
245 0 _aInterlligent retailing
_cSutton B H
260 _aLondon
_bLondon, Pitman
_c1967
300 _a251p
942 _cTB
_hX512 K7
999 _c1277035
_d1277035